000
00246 a2200085 4500
020
_a
9781848222830
100
_a
Gavin Parker, Kat Salter and Matthew Wargent
245
_a
Neighbourhood Planning in Practice
260
_b
Lund Humphries Publishers,
_c
2019
999
_c
13200
_d
13200